00618nam a2200181Ia 4500952014700000999001700147003000400164005001700168008004100185020001800226040000900244082002200253100002600275245004300301260003300344300000900377942005000386 00102ddc40708POLITICAL SCIENCEaMESbMEScPOLd2019-02-20g650.00l0o320.540954 SIN/Ip30192r2019-02-20 00:00:00w2019-02-20yBKzGL10R1 c21075d21075OSt20200605142809.0190216s9999||||xx |||||||||||||| ||und|| a9788172732776 coclc a320.540954bSIN/I aSingh, Naunihal92551 0aIndia A Rising Power /cNaunihal Singh bAuthorspress,aDelhi:c2006. a261p cBK2ddch320.540954iSIN/Ik320.540954mSIN/I